[Event "Top 12 2021"]
[Site "Chalons en Champagne, France"]
[Date "2021.07.03"]
[Round "10.8"]
[White "Auvray, Juliette PAR"]
[Black "Ruhlmann, Helene ERD"]
[Result "1-0"]
[WhiteElo "2010"]
[BlackElo "1816"]

1. e4 {[%clk 01:30:58]} {[%emt 00:00:01]} c5 {[%clk 01:30:56]} {[%emt
00:00:04]} 2. Nf3 {[%clk 01:31:23]} {[%emt 00:00:05]} d6 {[%clk 01:31:22]}
{[%emt 00:00:04]} 3. d4 {[%clk 01:31:46]} {[%emt 00:00:07]} cxd4 {[%clk
01:31:47]} {[%emt 00:00:05]} 4. Nxd4 {[%clk 01:32:09]} {[%emt 00:00:06]} Nf6
{[%clk 01:32:12]} {[%emt 00:00:05]} 5. Nc3 {[%clk 01:32:28]} {[%emt 00:00:11]}
a6 {[%clk 01:32:37]} {[%emt 00:00:05]} 6. f3 {[%clk 01:31:29]} {[%emt
00:01:29]} e5 {[%clk 01:32:55]} {[%emt 00:00:12]} 7. Nb3 {[%clk 01:31:34]}
{[%emt 00:00:26]} Be6 {[%clk 01:33:09]} {[%emt 00:00:16]} 8. Be3 {[%clk
01:30:30]} {[%emt 00:01:35]} h5 {[%clk 01:33:18]} {[%emt 00:00:21]} 9. Qd2
{[%clk 01:22:31]} {[%emt 00:08:29]} Nbd7 {[%clk 01:32:23]} {[%emt 00:01:25]} 10.
Be2 {[%clk 01:14:25]} {[%emt 00:09:06]} Be7 {[%clk 01:23:56]} {[%emt 00:08:27]}
11. O-O {[%clk 01:13:04]} {[%emt 00:01:51]} g6 {[%clk 01:10:21]} {[%emt
00:14:05]} 12. Nd5 {[%clk 01:06:11]} {[%emt 00:07:23]} Bxd5 {[%clk 01:08:56]}
{[%emt 00:01:56]} 13. exd5 {[%clk 01:06:27]} {[%emt 00:00:15]} b6 {[%clk
01:03:34]} {[%emt 00:05:51]} 14. c4 {[%clk 00:59:27]} {[%emt 00:07:30]} a5
{[%clk 01:02:27]} {[%emt 00:01:36]} 15. Bd3 {[%clk 00:43:28]} {[%emt 00:16:29]}
a4 {[%clk 00:48:06]} {[%emt 00:14:51]} 16. Nc1 {[%clk 00:42:41]} {[%emt
00:01:18]} Nc5 {[%clk 00:48:10]} {[%emt 00:00:25]} 17. Bc2 {[%clk 00:40:18]}
{[%emt 00:02:53]} h4 {[%clk 00:41:30]} {[%emt 00:07:10]} 18. Ne2 {[%clk
00:36:10]} {[%emt 00:04:38]} Nh7 {[%clk 00:39:50]} {[%emt 00:02:10]} 19. Nc3
{[%clk 00:32:00]} {[%emt 00:04:39]} Bg5 {[%clk 00:34:03]} {[%emt 00:06:18]} 20.
f4 {[%clk 00:29:02]} {[%emt 00:03:29]} exf4 {[%clk 00:32:06]} {[%emt 00:02:27]}
21. Bxf4 {[%clk 00:28:34]} {[%emt 00:00:57]} O-O {[%clk 00:31:56]} {[%emt
00:00:39]} 22. Nb5 {[%clk 00:25:40]} {[%emt 00:03:24]} Nb7 {[%clk 00:13:27]}
{[%emt 00:18:59]} 23. Rae1 {[%clk 00:21:13]} {[%emt 00:04:57]} Bf6 {[%clk
00:10:40]} {[%emt 00:03:17]} 24. Bh6 {[%clk 00:18:11]} {[%emt 00:03:31]} Re8
{[%clk 00:10:07]} {[%emt 00:01:03]} 25. Rxe8+ {[%clk 00:18:08]} {[%emt
00:00:33]} Qxe8 {[%clk 00:10:32]} {[%emt 00:00:05]} 26. Nc7 {[%clk 00:17:29]}
{[%emt 00:01:10]} Qc8 {[%clk 00:08:46]} {[%emt 00:02:16]} 27. Nxa8 {[%clk
00:17:05]} {[%emt 00:00:53]} Qxa8 {[%clk 00:09:10]} {[%emt 00:00:06]} 28. b3
{[%clk 00:16:08]} {[%emt 00:01:28]} axb3 {[%clk 00:08:56]} {[%emt 00:00:44]} 29.
axb3 {[%clk 00:16:16]} {[%emt 00:00:21]} b5 {[%clk 00:06:45]} {[%emt 00:02:41]}
30. cxb5 {[%clk 00:15:28]} {[%emt 00:01:19]} Nc5 {[%clk 00:06:03]} {[%emt
00:01:12]} 31. Qf4 {[%clk 00:10:55]} {[%emt 00:05:03]} Qa7 {[%clk 00:02:54]}
{[%emt 00:03:38]} 32. Kh1 {[%clk 00:09:51]} {[%emt 00:01:35]} 1-0

[Event "Top 12 2021"]
[Site "Chalons en Champagne, France"]
[Date "2021.07.03"]
[Round "10.9"]
[White "Dourerassou, Jonathan VIL"]
[Black "Alekseenko, Kirill ASN"]
[Result "0-1"]
[WhiteElo "2477"]
[BlackElo "2699"]

1. e4 {[%clk 01:30:58]} e5 {[%clk 01:30:26]} {[%emt 00:00:35]} 2. Nf3 {[%clk
01:31:19]} {[%emt 00:00:08]} Nc6 {[%clk 01:30:52]} {[%emt 00:00:05]} 3. Nc3
{[%clk 01:31:44]} {[%emt 00:00:05]} Nf6 {[%clk 01:31:06]} {[%emt 00:00:16]} 4.
Bb5 {[%clk 01:32:07]} {[%emt 00:00:07]} Bd6 {[%clk 01:30:54]} {[%emt 00:00:42]}
5. O-O {[%clk 01:32:28]} {[%emt 00:00:09]} O-O {[%clk 01:30:21]} {[%emt
00:01:03]} 6. Re1 {[%clk 01:30:00]} {[%emt 00:02:57]} Re8 {[%clk 01:25:28]}
{[%emt 00:05:23]} 7. d3 {[%clk 01:29:24]} {[%emt 00:01:06]} h6 {[%clk
01:24:49]} {[%emt 00:01:10]} 8. Ne2 {[%clk 01:28:24]} {[%emt 00:01:30]} Ne7
{[%clk 01:09:12]} {[%emt 00:16:08]} 9. Ng3 {[%clk 01:19:07]} {[%emt 00:09:46]}
c6 {[%clk 01:03:37]} {[%emt 00:06:06]} 10. Ba4 {[%clk 01:18:46]} {[%emt
00:00:51]} Ng6 {[%clk 01:00:52]} {[%emt 00:03:15]} 11. c3 {[%clk 01:13:44]}
{[%emt 00:05:32]} Bc7 {[%clk 01:00:12]} {[%emt 00:01:11]} 12. h3 {[%clk
01:11:43]} {[%emt 00:02:30]} d5 {[%clk 00:56:15]} {[%emt 00:04:28]} 13. Be3
{[%clk 01:05:24]} {[%emt 00:06:48]} Be6 {[%clk 00:54:19]} {[%emt 00:02:26]} 14.
Qc2 {[%clk 00:59:31]} {[%emt 00:06:22]} a5 {[%clk 00:48:56]} {[%emt 00:05:53]}
15. c4 {[%clk 00:52:41]} {[%emt 00:07:21]} d4 {[%clk 00:46:20]} {[%emt
00:03:06]} 16. Bd2 {[%clk 00:53:00]} {[%emt 00:00:09]} Bd6 {[%clk 00:43:36]}
{[%emt 00:03:16]} 17. c5 {[%clk 00:49:49]} {[%emt 00:03:40]} Bf8 {[%clk
00:43:51]} {[%emt 00:00:15]} 18. a3 {[%clk 00:50:00]} {[%emt 00:00:19]} Ra6
{[%clk 00:42:17]} {[%emt 00:02:05]} 19. Rec1 {[%clk 00:45:38]} {[%emt
00:04:50]} Qa8 {[%clk 00:39:55]} {[%emt 00:02:53]} 20. Bb3 {[%clk 00:25:58]}
{[%emt 00:20:09]} Bxb3 {[%clk 00:39:41]} {[%emt 00:00:44]} 21. Qxb3 {[%clk
00:26:20]} {[%emt 00:00:07]} Nd7 {[%clk 00:40:09]} {[%emt 00:00:03]} 22. Nf5
{[%clk 00:26:39]} Nxc5 {[%clk 00:36:13]} {[%emt 00:04:37]} 23. Rxc5 {[%clk
00:25:37]} Bxc5 {[%clk 00:36:36]} {[%emt 00:01:40]} 24. Bxh6 {[%clk 00:26:00]}
a4 {[%clk 00:34:51]} {[%emt 00:02:22]} 25. Qa2 {[%clk 00:24:45]} Bf8 {[%clk
00:34:53]} {[%emt 00:02:12]} 26. Bd2 {[%clk 00:24:48]} Rb6 {[%emt 00:01:47]} 27.
Rd1 Qa6 28. Bc1 Qb5 29. h4 Qb3 30. Qxb3 Rxb3 31. h5 Ne7 32. Nd6 Rd8 {[%clk
00:34:03]} 33. Nc4 {[%clk 00:21:21]} f6 {[%clk 00:34:03]} 34. Kf1 {[%clk
00:21:21]} Nc8 {[%clk 00:27:06]} {[%emt 00:20:06]} 35. Ke2 {[%clk 00:16:42]}
Rb5 {[%clk 00:26:36]} {[%emt 00:04:27]} 36. g4 {[%clk 00:15:42]} Rc5 {[%clk
00:26:07]} {[%emt 00:02:29]} 37. Rg1 {[%clk 00:15:38]} Nd6 {[%clk 00:23:38]}
{[%emt 00:03:33]} 38. Nxd6 {[%clk 00:14:18]} Rxd6 {[%clk 00:23:38]} 39. Kd1
{[%clk 00:14:18]} Ra5 {[%clk 00:23:38]} 40. Nh4 {[%clk 00:14:18]} c5 {[%clk
00:23:38]} 41. g5 {[%clk 00:14:18]} fxg5 {[%clk 00:38:35]} {[%emt 00:37:08]} 42.
Bxg5 {[%clk 00:26:53]} Rb5 {[%clk 00:38:35]} 43. Bc1 {[%clk 00:26:53]} Rb3
{[%clk 00:38:35]} 44. Ke2 {[%clk 00:26:53]} c4 {[%clk 00:38:35]} 45. h6 {[%clk
00:26:53]} cxd3+ {[%clk 00:38:35]} 46. Kd1 {[%clk 00:26:53]} Rd7 {[%clk
00:38:35]} 47. Nf5 {[%clk 00:26:53]} Kh7 {[%clk 00:38:35]} 48. hxg7 {[%clk
00:26:53]} Bxg7 {[%clk 00:38:35]} 49. Rh1+ {[%clk 00:26:53]} Kg6 {[%clk
00:38:35]} 50. Rg1+ {[%clk 00:26:53]} Kf6 {[%clk 00:38:35]} 51. f4 {[%clk
00:26:53]} Bf8 {[%clk 00:38:35]} 52. Nh4 {[%clk 00:26:53]} exf4 {[%clk
00:38:35]} 53. Rg4 {[%clk 00:26:53]} Bd6 {[%clk 00:38:35]} 54. Rg6+ {[%clk
00:26:53]} Kf7 {[%clk 00:38:35]} 55. Rh6 {[%clk 00:26:53]} d2 {[%clk 00:38:35]}
56. Kxd2 {[%clk 00:26:53]} f3 {[%clk 00:38:35]} 57. Rh5 {[%clk 00:26:53]} Bf4+
{[%clk 00:38:35]} 58. Kd1 {[%clk 00:26:53]} Bxc1 {[%clk 00:38:35]} 59. Kxc1
{[%clk 00:26:53]} Ke6 {[%clk 00:38:35]} 60. Nf5 {[%clk 00:26:53]} f2 {[%clk
00:38:35]} 0-1

[Event "Top 12 2021"]
[Site "Chalons en Champagne, France"]
[Date "2021.07.03"]
[Round "10.10"]
[White "Oparin, Grigoriy ASN"]
[Black "Dutreuil, Raphael VIL"]
[Result "1-0"]
[WhiteElo "2654"]
[BlackElo "2309"]

1. d4 {[%clk 01:30:58]} {[%emt 00:00:01]} Nf6 {[%clk 01:27:54]} {[%emt
00:03:06]} 2. c4 {[%clk 01:31:22]} {[%emt 00:00:06]} e6 {[%clk 01:28:18]}
{[%emt 00:00:06]} 3. g3 {[%clk 01:31:43]} {[%emt 00:00:09]} Bb4+ {[%clk
01:27:13]} {[%emt 00:01:34]} 4. Nd2 {[%clk 01:31:58]} {[%emt 00:00:16]} O-O
{[%clk 01:26:53]} {[%emt 00:00:49]} 5. Bg2 {[%clk 01:32:19]} {[%emt 00:00:09]}
d5 {[%clk 01:25:29]} {[%emt 00:01:54]} 6. Ngf3 {[%clk 01:32:37]} {[%emt
00:00:12]} a5 {[%clk 01:24:31]} {[%emt 00:01:28]} 7. O-O {[%clk 01:32:01]}
{[%emt 00:01:06]} a4 {[%clk 01:24:33]} {[%emt 00:00:28]} 8. Qc2 {[%clk
01:27:21]} {[%emt 00:05:10]} Nbd7 {[%clk 01:05:03]} {[%emt 00:20:00]} 9. Rd1
{[%clk 01:25:00]} {[%emt 00:02:51]} b6 {[%clk 00:55:22]} {[%emt 00:10:11]} 10.
cxd5 {[%clk 01:18:07]} {[%emt 00:07:23]} exd5 {[%clk 00:53:22]} {[%emt
00:02:29]} 11. Ne5 {[%clk 01:18:29]} {[%emt 00:00:09]} Bb7 {[%clk 00:48:27]}
{[%emt 00:05:25]} 12. Ndc4 {[%clk 01:14:49]} {[%emt 00:04:10]} Qc8 {[%clk
00:36:27]} {[%emt 00:12:30]} 13. Ne3 {[%clk 01:13:09]} {[%emt 00:02:10]} Re8
{[%clk 00:24:48]} {[%emt 00:12:09]} 14. Nc6 {[%clk 01:11:32]} {[%emt 00:02:07]}
Bxc6 {[%clk 00:15:54]} {[%emt 00:09:24]} 15. Qxc6 {[%clk 01:11:56]} {[%emt
00:00:06]} Ra5 {[%clk 00:14:20]} {[%emt 00:02:03]} 16. Nxd5 {[%clk 01:08:31]}
{[%emt 00:03:56]} Nxd5 {[%clk 00:07:28]} {[%emt 00:07:22]} 17. Bxd5 {[%clk
01:08:56]} {[%emt 00:00:05]} Rxe2 {[%clk 00:05:10]} {[%emt 00:02:49]} 18. Bxf7+
{[%clk 01:08:55]} {[%emt 00:00:31]} Kh8 {[%clk 00:05:30]} {[%emt 00:00:09]} 19.
Qc4 {[%clk 01:05:41]} {[%emt 00:03:44]} Re7 {[%clk 00:05:27]} {[%emt 00:00:33]}
20. Bf4 {[%clk 01:06:01]} {[%emt 00:00:10]} a3 {[%clk 00:04:16]} {[%emt
00:01:41]} 21. bxa3 {[%clk 01:05:22]} {[%emt 00:01:09]} Bxa3 {[%clk 00:04:35]}
{[%emt 00:00:11]} 22. Re1 {[%clk 01:05:34]} {[%emt 00:00:19]} Qf8 {[%clk
00:01:35]} {[%emt 00:03:30]} 23. Rxe7 {[%clk 01:05:43]} {[%emt 00:00:21]} Qxe7
{[%clk 00:01:41]} {[%emt 00:00:24]} 24. Bxc7 {[%clk 01:05:44]} {[%emt
00:00:28]} Bb2 {[%clk 00:01:03]} {[%emt 00:01:08]} 25. Rd1 {[%clk 01:05:08]}
{[%emt 00:01:06]} 1-0

[Event "Top 12 2021"]
[Site "Chalons en Champagne, France"]
[Date "2021.07.03"]
[Round "10.11"]
[White "Eden, James VIL"]
[Black "Movsesian, Sergei ASN"]
[Result "0-1"]
[WhiteElo "2294"]
[BlackElo "2647"]

1. e4 {[%clk 01:30:56]} {[%emt 00:00:02]} c5 {[%clk 01:30:41]} {[%emt
00:00:20]} 2. c3 {[%clk 01:31:18]} {[%emt 00:00:07]} d6 {[%clk 01:31:00]}
{[%emt 00:00:12]} 3. d4 {[%clk 01:31:25]} {[%emt 00:00:23]} Nf6 {[%clk
01:31:20]} {[%emt 00:00:10]} 4. Bd3 {[%clk 01:30:39]} {[%emt 00:01:15]} g6
{[%clk 01:31:21]} {[%emt 00:00:29]} 5. Nf3 {[%clk 01:27:44]} {[%emt 00:03:25]}
Bg7 {[%clk 01:30:52]} {[%emt 00:01:00]} 6. O-O {[%clk 01:27:51]} {[%emt
00:00:23]} O-O {[%clk 01:31:03]} {[%emt 00:00:18]} 7. Na3 {[%clk 01:26:19]}
{[%emt 00:02:03]} cxd4 {[%clk 01:29:18]} {[%emt 00:02:15]} 8. cxd4 {[%clk
01:25:47]} {[%emt 00:01:02]} Bg4 {[%clk 01:28:47]} {[%emt 00:01:01]} 9. h3
{[%clk 01:25:01]} {[%emt 00:01:16]} Bxf3 {[%clk 01:29:09]} {[%emt 00:00:09]} 10.
Qxf3 {[%clk 01:25:23]} {[%emt 00:00:07]} Nc6 {[%clk 01:29:09]} {[%emt
00:00:30]} 11. Be3 {[%clk 01:21:04]} {[%emt 00:04:50]} Nd7 {[%clk 01:24:12]}
{[%emt 00:05:27]} 12. Nc2 {[%clk 01:19:53]} {[%emt 00:01:41]} e5 {[%clk
01:23:49]} {[%emt 00:00:53]} 13. dxe5 {[%clk 01:15:57]} {[%emt 00:04:26]} Ndxe5
{[%clk 01:11:39]} {[%emt 00:12:40]} 14. Qe2 {[%clk 01:15:07]} {[%emt 00:01:20]}
Qe7 {[%clk 01:11:14]} {[%emt 00:00:55]} 15. Bb5 {[%clk 01:07:27]} {[%emt
00:08:10]} Nd7 {[%clk 01:05:40]} {[%emt 00:06:05]} 16. Bxc6 {[%clk 01:05:37]}
{[%emt 00:02:20]} bxc6 {[%clk 01:06:05]} {[%emt 00:00:05]} 17. Bd4 {[%clk
01:05:49]} {[%emt 00:00:17]} d5 {[%clk 01:01:20]} {[%emt 00:05:15]} 18. Rfe1
{[%clk 00:52:41]} {[%emt 00:13:38]} Rfe8 {[%clk 01:00:19]} {[%emt 00:01:31]} 19.
Bxg7 {[%clk 00:52:24]} {[%emt 00:00:48]} Kxg7 {[%clk 01:00:44]} {[%emt
00:00:05]} 20. Qa6 {[%clk 00:52:23]} {[%emt 00:00:31]} dxe4 {[%clk 00:55:13]}
{[%emt 00:06:01]} 21. Qxc6 {[%clk 00:51:32]} {[%emt 00:01:20]} Rac8 {[%clk
00:52:07]} {[%emt 00:03:36]} 22. Qa4 {[%clk 00:51:47]} {[%emt 00:00:16]} Nc5
{[%clk 00:51:29]} {[%emt 00:01:07]} 23. Qd4+ {[%clk 00:50:15]} {[%emt
00:02:03]} f6 {[%clk 00:51:15]} {[%emt 00:00:44]} 24. Nb4 {[%clk 00:44:05]}
{[%emt 00:06:40]} Red8 {[%clk 00:47:51]} {[%emt 00:03:54]} 25. Nd5 {[%clk
00:40:30]} {[%emt 00:04:05]} Qf7 {[%clk 00:47:06]} {[%emt 00:01:14]} 26. Rad1
{[%clk 00:23:25]} {[%emt 00:17:36]} Nd3 {[%clk 00:47:13]} {[%emt 00:00:24]} 27.
Rxe4 {[%clk 00:23:35]} {[%emt 00:00:20]} Rxd5 {[%clk 00:47:22]} {[%emt
00:00:21]} 28. Qe3 {[%clk 00:23:53]} {[%emt 00:00:12]} Ne5 {[%clk 00:47:27]}
{[%emt 00:00:25]} 29. Rxd5 {[%clk 00:23:30]} {[%emt 00:00:53]} Qxd5 {[%clk
00:47:52]} {[%emt 00:00:04]} 30. Qxa7+ {[%clk 00:23:49]} {[%emt 00:00:12]} Nf7
{[%clk 00:47:59]} {[%emt 00:00:23]} 0-1

[Event "Top 12 2021"]
[Site "Chalons en Champagne, France"]
[Date "2021.07.03"]
[Round "10.12"]
[White "Gozzoli, Yannick ASN"]
[Black "Maatoug, Redwan VIL"]
[Result "1-0"]
[WhiteElo "2600"]
[BlackElo "2202"]

1. d4 {[%clk 01:29:54]} {[%emt 00:00:19]} Nf6 {[%clk 01:30:49]} {[%emt
00:00:12]} 2. Nf3 {[%clk 01:30:02]} {[%emt 00:00:21]} e6 {[%clk 01:30:57]}
{[%emt 00:00:23]} 3. c4 {[%clk 01:30:21]} {[%emt 00:00:10]} b6 {[%clk
01:31:21]} {[%emt 00:00:06]} 4. g3 {[%clk 01:30:16]} {[%emt 00:00:35]} Bb7
{[%clk 01:31:47]} {[%emt 00:00:05]} 5. Bg2 {[%clk 01:30:40]} {[%emt 00:00:05]}
Bb4+ {[%clk 01:31:05]} {[%emt 00:01:13]} 6. Bd2 {[%clk 01:30:37]} {[%emt
00:00:32]} Qe7 {[%clk 01:28:39]} {[%emt 00:02:57]} 7. O-O {[%clk 01:26:37]}
{[%emt 00:04:30]} O-O {[%clk 01:28:52]} {[%emt 00:00:17]} 8. Bg5 {[%clk
01:23:53]} {[%emt 00:03:13]} h6 {[%clk 01:28:26]} {[%emt 00:00:56]} 9. Bxf6
{[%clk 01:22:19]} {[%emt 00:02:03]} Qxf6 {[%clk 01:28:54]} {[%emt 00:00:03]} 10.
a3 {[%clk 01:22:42]} {[%emt 00:00:07]} Be7 {[%clk 01:28:44]} {[%emt 00:00:41]}
11. Nc3 {[%clk 01:23:06]} {[%emt 00:00:06]} g6 {[%clk 01:20:59]} 12. e4 {[%clk
01:12:55]} {[%emt 00:18:55]} Qg7 {[%emt 00:22:23]} 13. Qe2 d6 {[%clk 01:07:45]}
{[%emt 00:06:00]} 14. e5 {[%clk 00:53:42]} {[%emt 00:06:04]} Nd7 {[%clk
01:07:32]} {[%emt 00:00:43]} 15. Rad1 {[%clk 00:52:50]} {[%emt 00:01:21]} Rad8
{[%clk 00:55:18]} {[%emt 00:12:44]} 16. Rfe1 {[%clk 00:52:24]} {[%emt
00:00:54]} a6 {[%clk 00:55:02]} 17. h4 {[%clk 00:46:46]} {[%emt 00:06:56]} Rfe8
{[%clk 00:54:39]} 18. Nh2 {[%clk 00:41:33]} {[%emt 00:06:36]} c6 {[%clk
00:47:10]} 19. h5 {[%clk 00:38:46]} {[%emt 00:11:17]} g5 {[%clk 00:43:51]} 20.
Ng4 {[%clk 00:23:17]} {[%emt 00:19:48]} d5 {[%clk 00:42:02]} 21. cxd5 {[%clk
00:23:38]} {[%emt 00:02:29]} cxd5 {[%clk 00:42:30]} 22. f4 {[%clk 00:23:38]}
{[%emt 00:00:32]} Rc8 {[%clk 00:41:37]} 23. Rd3 {[%clk 00:21:17]} {[%emt
00:04:14]} Rc4 {[%clk 00:40:25]} 24. Ne3 {[%clk 00:19:55]} {[%emt 00:03:34]}
Rc7 {[%clk 00:38:57]} 25. f5 {[%clk 00:20:16]} {[%emt 00:02:08]} Qh7 {[%clk
00:39:07]} 26. Bh3 {[%clk 00:18:07]} {[%emt 00:02:59]} Nf8 {[%clk 00:38:42]} 27.
Rf1 {[%clk 00:15:42]} {[%emt 00:03:50]} b5 {[%emt 00:03:24]} 28. Ncd1 {[%clk
00:13:08]} {[%emt 00:00:52]} a5 {[%clk 00:36:55]} {[%emt 00:01:35]} 29. Rc3
{[%clk 00:10:52]} {[%emt 00:02:45]} Rxc3 {[%clk 00:34:27]} {[%emt 00:02:59]} 30.
Nxc3 {[%clk 00:11:17]} {[%emt 00:00:05]} b4 {[%clk 00:34:54]} {[%emt 00:00:03]}
31. Qb5 {[%clk 00:11:06]} {[%emt 00:00:40]} Rb8 {[%clk 00:33:11]} {[%emt
00:02:13]} 32. axb4 {[%clk 00:11:17]} {[%emt 00:00:19]} axb4 {[%clk 00:32:47]}
{[%emt 00:00:54]} 33. Ne2 {[%clk 00:09:56]} {[%emt 00:01:51]} Bd8 {[%clk
00:32:38]} {[%emt 00:00:39]} 34. Rc1 {[%clk 00:09:41]} {[%emt 00:00:45]} g4
{[%clk 00:32:53]} {[%emt 00:00:16]} 35. Bxg4 {[%clk 00:09:47]} {[%emt
00:00:24]} Bg5 {[%clk 00:32:55]} {[%emt 00:00:28]} 36. Nf4 {[%clk 00:09:37]}
{[%emt 00:00:39]} f6 {[%clk 00:32:12]} {[%emt 00:01:13]} 37. Qb6 {[%clk
00:05:18]} {[%emt 00:04:49]} fxe5 {[%clk 00:31:41]} {[%emt 00:01:02]} 38. dxe5
{[%clk 00:05:27]} {[%emt 00:00:21]} Rc8 {[%clk 00:28:42]} {[%emt 00:03:29]} 39.
Rxc8 {[%clk 00:03:18]} {[%emt 00:02:39]} Bxc8 {[%clk 00:29:09]} {[%emt
00:00:03]} 40. Kf2 {[%clk 00:32:32]} {[%emt 00:01:17]} exf5 {[%clk 00:56:46]}
{[%emt 00:02:53]} 41. Bf3 {[%clk 00:32:56]} {[%emt 00:00:05]} Qe7 {[%clk
00:56:59]} {[%emt 00:00:18]} 42. Qc6 {[%clk 00:24:36]} {[%emt 00:08:51]} Bxf4
{[%clk 00:48:55]} {[%emt 00:08:34]} 43. gxf4 {[%clk 00:24:58]} {[%emt
00:00:08]} Qh4+ {[%clk 00:48:43]} {[%emt 00:00:43]} 44. Kg2 {[%clk 00:21:46]}
{[%emt 00:03:41]} Qxf4 {[%clk 00:41:26]} {[%emt 00:07:47]} 45. Bxd5+ {[%clk
00:21:25]} {[%emt 00:00:51]} Kh7 {[%clk 00:41:32]} {[%emt 00:00:24]} 46. Qxc8
{[%clk 00:21:46]} {[%emt 00:00:09]} Qg5+ {[%clk 00:41:11]} {[%emt 00:00:52]} 47.
Kf1 {[%clk 00:21:25]} {[%emt 00:00:49]} 1-0

[Event "Top 12 2021"]
[Site "Chalons en Champagne, France"]
[Date "2021.07.03"]
[Round "10.13"]
[White "Saatdjian, Stephane VIL"]
[Black "Moussard, Jules ASN"]
[Result "0-1"]
[WhiteElo "2131"]
[BlackElo "2635"]

1. e4 {[%clk 01:30:59]} c5 {[%clk 01:30:17]} {[%emt 00:00:44]} 2. Nf3 {[%clk
01:31:15]} {[%emt 00:00:13]} e6 {[%clk 01:30:38]} {[%emt 00:00:09]} 3. d4
{[%clk 01:31:23]} {[%emt 00:00:22]} cxd4 {[%clk 01:31:02]} {[%emt 00:00:06]} 4.
Nxd4 {[%clk 01:31:52]} {[%emt 00:00:02]} Nc6 {[%clk 01:31:19]} {[%emt
00:00:13]} 5. Nc3 {[%clk 01:30:34]} {[%emt 00:01:47]} Qc7 {[%clk 01:29:04]}
{[%emt 00:02:45]} 6. Nxc6 {[%clk 01:30:18]} {[%emt 00:00:47]} bxc6 {[%clk
01:28:59]} {[%emt 00:00:35]} 7. f4 {[%clk 01:30:24]} {[%emt 00:00:23]} d5
{[%clk 01:27:53]} {[%emt 00:01:37]} 8. e5 {[%clk 01:28:00]} {[%emt 00:02:54]}
f6 {[%clk 01:22:47]} {[%emt 00:05:36]} 9. exf6 {[%clk 01:13:02]} {[%emt
00:15:28]} Nxf6 {[%clk 01:22:46]} {[%emt 00:00:31]} 10. Bd3 {[%clk 01:12:54]}
{[%emt 00:00:37]} Bd6 {[%clk 01:21:06]} {[%emt 00:02:10]} 11. O-O {[%clk
01:07:08]} {[%emt 00:06:16]} e5 {[%clk 01:20:28]} {[%emt 00:01:09]} 12. fxe5
{[%clk 01:03:46]} {[%emt 00:03:51]} Bxe5 {[%clk 01:20:29]} {[%emt 00:00:29]} 13.
Qe1 {[%clk 01:02:04]} {[%emt 00:02:11]} O-O {[%clk 01:18:00]} {[%emt 00:03:00]}
14. Qh4 {[%clk 00:59:30]} {[%emt 00:03:03]} Ba6 {[%clk 01:16:48]} {[%emt
00:01:42]} 15. Be3 {[%clk 00:47:55]} {[%emt 00:12:05]} Bxd3 {[%clk 01:15:46]}
{[%emt 00:01:32]} 16. cxd3 {[%clk 00:48:23]} {[%emt 00:00:02]} Bxh2+ {[%clk
01:15:08]} {[%emt 00:01:09]} 17. Qxh2 {[%clk 00:47:42]} {[%emt 00:01:10]} Qxh2+
{[%clk 01:15:36]} {[%emt 00:00:02]} 18. Kxh2 {[%clk 00:48:10]} {[%emt
00:00:02]} Ng4+ {[%clk 01:15:57]} {[%emt 00:00:09]} 19. Kg3 {[%clk 00:47:24]}
{[%emt 00:01:14]} Nxe3 {[%clk 01:16:01]} {[%emt 00:00:28]} 20. Rxf8+ {[%clk
00:47:05]} {[%emt 00:00:50]} Rxf8 {[%clk 01:16:23]} {[%emt 00:00:07]} 21. Re1
{[%clk 00:39:31]} {[%emt 00:08:04]} Nf5+ {[%clk 01:16:47]} {[%emt 00:00:07]} 22.
Kg4 {[%clk 00:38:45]} {[%emt 00:01:15]} Nd4 {[%clk 01:16:36]} {[%emt 00:00:41]}
23. Kg3 {[%clk 00:29:38]} {[%emt 00:09:36]} h5 {[%clk 01:12:43]} {[%emt
00:04:24]} 24. Re5 {[%clk 00:22:18]} {[%emt 00:07:51]} h4+ {[%clk 01:12:22]}
{[%emt 00:00:50]} 25. Kxh4 {[%clk 00:22:14]} {[%emt 00:00:32]} Rf2 {[%clk
01:12:49]} {[%emt 00:00:05]} 26. Na4 {[%clk 00:17:30]} {[%emt 00:05:14]} Rxg2
{[%clk 01:12:46]} {[%emt 00:00:34]} 27. Re8+ {[%clk 00:17:54]} {[%emt
00:00:06]} Kf7 {[%clk 01:12:36]} {[%emt 00:00:40]} 28. Ra8 {[%clk 00:17:57]}
{[%emt 00:00:26]} Ne6 {[%clk 01:12:32]} {[%emt 00:00:35]} 0-1